Les motoristes de la F1 - Statistiques

Statistiques générales
  • Ce quiz a été pris 134 fois
  • Le résultat moyen est 12 sur 65
Statistiques - réponses
Motoriste Pays Années en Formule 1 Victoires % Correct
Ferrari Italie 1950- 236
99%
Renault France 1977-1986, 1989-1997, 2001- 168
92%
Honda Japon 1964-1968, 1983-1992, 2000-2008, 2015- 72
90%
Mercedes-Benz Allemagne 1954-1955, 1994- 173
90%
BMW Allemagne 1952-1954, 1967-1968, 1982-1987, 2000-2009 20
67%
Peugeot France 1994-2000 0
65%
Ford États-Unis 1963-1966 0
61%
Ford-Cosworth Royaume-Uni 1967-2004 176
56%
Porsche Allemagne 1958-1964, 1991 1
51%
Toyota Japon 2002-2009 0
48%
Aston Martin Royaume-Uni 1959-1960 0
47%
Alfa Romeo Italie 1950-1951, 1962-1963, 1965, 1970-1971, 1976-1987 12
43%
Lamborghini Italie 1989-1993 0
43%
TAG Porsche Allemagne 1983-1987 25
42%
Maserati Italie 1950-1963, 1965-1969 11
31%
Sauber Suisse 1993 0
30%
Bugatti France 1959 0
29%
Jaguar Royaume-Uni 1950 0
27%
Cosworth Royaume-Uni 2005-2006, 2010-2013 0
20%
Matra France 1968, 1970-1972, 1975-1978, 1981-1982 3
18%
BRM Royaume-Uni 1951, 1956-1960, 1962-1967 18
17%
Yamaha Japon 1989, 1991-1997 0
14%
Lancia Italie 1954-1955 0
13%
Tag Heuer Suisse 2016-2018 9
13%
Climax Royaume-Uni 1957-1969 40
7%
Mecachrome France 1998 0
7%
Petronas Malaisie 1997-2005 0
7%
Talbot France 1950-1951 0
7%
Vanwall Royaume-Uni 1954-1960 9
7%
Acer Taïwan 2001 0
6%
Judd Royaume-Uni 1988-1992 0
5%
Mugen Honda Japon 1992-2000 4
5%
Playlife Italie 1998-2000 0
4%
Hart Royaume-Uni 1981-1986, 1993-1997 0
3%
Asiatech Japon 2001-2002 0
2%
Motori Moderni Italie 1985-1987 0
2%
Repco Australie 1966-1969 8
2%
Supertec France 1999-2000 0
2%
Fondmetal Italie 2000 0
1%
Gordini France 1950-1956 0
1%
Megatron Suisse 1987-1988 0
1%
O.S.C.A. Italie 1951-1953, 1959, 1961 0
1%
Osella Italie 1988 0
1%
Zakspeed Allemagne 1985-1988 0
1%
Alta Royaume-Uni 1950-1959 0
0%
Arrows Royaume-Uni 1998-1999 0
0%
A-T-S Italie 1963-1964, 1967 0
0%
Borgward Allemagne 1959 0
0%
Bristol Royaume-Uni 1952-1957 0
0%
Butterworth Royaume-Uni 1952 0
0%
Castellotti Italie 1960 0
0%
Conrero Italie 1961 0
0%
EMW Allemagne 1953 0
0%
ERA Royaume-Uni 1950-1951 0
0%
European Royaume-Uni 2001 0
0%
Ilmor Royaume-Uni 1991-1994 0
0%
JAP Royaume-Uni 1950 0
0%
Küchen Allemagne 1952 0
0%
Lea Francis Royaume-Uni 1952-1954 0
0%
Pratt & Whitney États-Unis 1971 0
0%
Scarab États-Unis 1960 0
0%
Serenissima Italie 1966 0
0%
Tecno Italie 1972-1973 0
0%
Veritas Allemagne 1951-1953 0
0%
Weslake Royaume-Uni 1966-1968 0
0%
Aucun quiz correspondant
Distribution des résultats
% des personnes avec chaque résultat
Percentile par nombre de réponses
Votre historique - résultats
Vous n’avez pas pris ce quiz